Bilecik Bilecik Bilecik Bilecik Bilecik

Sinyaller ve sistemler/ | . (Record no. 43171)

MARC details
000 -BAŞLIK
Sabit Uzunluktaki Kontrol Alanı 01260nam a22003857a 4500
001 - KONTROL NUMARASI
Control Dosyası 0043350
003 - KONTROL NUMARASI KİMLİĞİ
Kontrol Alanı KOHA_MİRAKIL
005 - EN SON İŞLEM TARİHİ ve ZAMANI
Kontrol Alanı 20260207003345.0
007 - FİZİKSEL TANIM SABİT ALAN - GENEL BİLGİ
Sabit uzunluklu kontrol alanı ta
008 - SABİT UZUNLUKTAKİ VERİ ÖGELERİ - GENEL BİLGİ
Sabit Alan 130816b2012 tu |||gr||||#||||0|tur |
020 ## - ISBN - ULUSLARARASI STANDART KİTAP NUMARASI
Isbn 9786051333403
040 ## - KATALOGLAMA KAYNAĞI
Özgün Kataloglama Kurumu TR-BiSEU
Kataloglama Dili tur
Çeviri Kurumu TR-BiSEU
Açıklama Kuralları rda
041 0# - DİL KODU
Metin ya da ses kaydının dil kodu tur
044 ## - YAYINLAYAN/ÜRETEN KURULUŞUN ÜLKE KODU
ISO country code tu
050 ## - SINIFLAMA ve YER NUMARASI
Sınıflama Numarası TK5102.92
Yer Numarası .H78 2012
100 1# - KİŞİ ADI
Yazar Adı (Kişi adı) Hsu, Hwei P. .
245 1# - ESER ADI BİLDİRİMİ
Başlık Sinyaller ve sistemler/
Sorumluluk Bildirimi Hwei P. Hsu ; Hwei P. Hsu; çev. Veysel Silindir, Erkan Afacan, Timur Aydemir, Hasan Dağ, Halis Altun
245 1# - ESER ADI BİLDİRİMİ
Başlık .
264 #1 - ÜRERİM, YAYIN, DAĞITIM ve TELİF BİLDİRİMİ
Yayın yeri Ankara :
Yayınlayan Nobel Yayıncılık
Yayın tarihi 2012
300 ## - FİZİKSEL TANIMLAMA
Sayfa, Cilt vb. X, 548 sayfa ;
Boyutları 27 cm.
336 ## - İÇERİK TÜRÜ
Content type term metin
Content type code txt
Source rdacontent
337 ## - MEDYA TÜRÜ
Media type term aracısız
Media type code n
Source rdamedia
338 ## - TAŞIYICI TÜRÜ
Carrier type term cilt
Carrier type code nc
Source rdacarrier
490 1# - DİZİ BİLDİRİMİ
Dizi Bildirimi Yayın No ;
Cilt Numarası 438.
490 1# - DİZİ BİLDİRİMİ
Dizi Bildirimi Teknik No ;
Cilt Numarası 31.
500 ## - GENEL NOT
Genel Not 2. Basımdan çeviri.
500 ## - GENEL NOT
Genel Not Dış Kapkata: 571 tam çözümlü promlem
500 ## - GENEL NOT
Genel Not Dizin var.
500 ## - GENEL NOT
Genel Not Kaynakça var.
650 #0 - KONU BAŞLIĞI EK GİRİŞ - KONU TERİMİ
Konusal terim veya coğrafi ad İşaret teorisi (Telekomünikasyon)--Problemler, alıştırmalar, vb.
9 (RLIN) 1492
650 #0 - KONU BAŞLIĞI EK GİRİŞ - KONU TERİMİ
Konusal terim veya coğrafi ad Signal theory (Telecommunication)--Problems, exercises, etc.
9 (RLIN) 1493
830 1# - SERİ EK GİRİŞİ - TEKBİÇİM ESER ADI
Tekbiçim Başlık Yayın No ;
Volume number/sequential designation 438.
9 (RLIN) 1861
830 1# - SERİ EK GİRİŞİ - TEKBİÇİM ESER ADI
Tekbiçim Başlık Teknik No ;
Volume number/sequential designation 31.
9 (RLIN) 80798
942 ## - EK GİRİŞ ÖGELERİ (KOHA)
Source of classification or shelving scheme Library of Congress Classification
Koha item type Book
Holdings
Materyal Türü Kalıcı Konum Mevcut Konum Raf Yeri Sınıflandırma Kaynağı Edinim Bilgisi Ana Konular Alt Konular Yer Numarası Demirbaş Numarası Fatura Tarihi Maliyet, Alış Fiyatı Maliyet, Yenileme Fiyatı Geri Çekilme Durumu Kayıp Durumu Hasarlı Durumu Kredi için değil Kayıt Tarih Toplam Ödünçverme Son Görülme Tarihi Son Kontrol Tarihi Satın Alma Notu
Book Prof. Dr. Azmi Özcan Kütüphanesi Prof. Dr. Azmi Özcan Kütüphanesi Birûni Salonu Library of Congress Classification Satın TEKNOLOJİ Elektrik Mühendisliği, Elektronik, Nükleer Mühendislik TK5102.92 .H78 2012 0043350 24/09/2013 20.70 20.70         30/07/2013 44 05/12/2024 05/12/2024 73291-73383 (92 sayfa)
Book Prof. Dr. Azmi Özcan Kütüphanesi Prof. Dr. Azmi Özcan Kütüphanesi Birûni Salonu Library of Congress Classification Satın TEKNOLOJİ Elektrik Mühendisliği, Elektronik, Nükleer Mühendislik TK5102.92 .H78 2012 0044440 24/09/2013 20.70 20.70         16/08/2013 38 05/12/2024 05/12/2024 73291-73383 (92 sayfa)
Book Prof. Dr. Azmi Özcan Kütüphanesi Prof. Dr. Azmi Özcan Kütüphanesi Birûni Salonu Library of Congress Classification Satın TEKNOLOJİ Elektrik Mühendisliği, Elektronik, Nükleer Mühendislik TK5102.92 .H78 2012 0044441 24/09/2013 20.70 20.70         16/08/2013 37 05/12/2024 05/12/2024 73291-73383 (92 sayfa)